Loyalties; Mesopotamia, 1914-1917; (Record no. 552202)

000 -LEADER
fixed length control field 00524cam a2200157 4500
082 00 - DEWEY DECIMAL CLASSIFICATION NUMBER
Classification number 940.400956
Author Mark WIL
100 1# - MAIN ENTRY--PERSONAL NAME
Personal name Wilson, Arnold Talbot,
9 (RLIN) 49416
245 10 - TITLE STATEMENT
Title Loyalties; Mesopotamia, 1914-1917;
Remainder of title a personal and historical record.
260 ## - PUBLICATION, DISTRIBUTION, ETC.
Place of publication, distribution, etc. New York,
Name of publisher, distributor, etc. Greenwood Press
Date of publication, distribution, etc. [1969]
300 ## - PHYSICAL DESCRIPTION
Extent xxxvi, 340 p.
Other physical details maps, ports.
Dimensions 24 cm.
500 ## - GENERAL NOTE
General note Reprint of the 1930 ed.
526 ## - STUDY PROGRAM INFORMATION NOTE
Program name 0
Interest level 0
Reading level 0
Title point value 940_400956000000000_WIL
650 #0 - SUBJECT ADDED ENTRY--TOPICAL TERM
Topical term or geographic name entry element MCE
9 (RLIN) 379
650 #0 - SUBJECT ADDED ENTRY--TOPICAL TERM
Topical term or geographic name entry element World War, 1914-1918
General subdivision Campaigns
Geographic subdivision Iraq.
9 (RLIN) 49387
942 ## - ADDED ENTRY ELEMENTS (KOHA)
Source of classification or shelving scheme
Koha item type Book
Holdings
Withdrawn status Lost status Source of classification or shelving scheme Damaged status Not for loan Permanent Location Current Location Shelving location Date acquired Total Checkouts Full call number Barcode Date last seen Price effective from Koha item type
          Military College of Engineering (MCE) Military College of Engineering (MCE)   01/12/2015   940.400956 WIL MCE-ECL/40 01/12/2015 01/12/2015 Book
© 2023 Central Library, National University of Sciences and Technology. All Rights Reserved.